000 01204naa a2200325 c 4500
001 39634
003 ES-MaCES
005 20150925135013.0
008 091216n2009 sp t 000 | spa d
035 _aCES20090010775v
040 _aES-MaCES
_bspa
_cES-MaCES
100 1 _aBenach, Joan
_97477
245 1 3 _aLa epidemia global de desigualdad en salud tiene su origen en la crisis socio-ecológica del capitalismo
_cEntrevista a Joan Benach y Carles Muntaner
650 4 _aentrevista
_928852
650 4 _adesarrollo sostenible
_930785
650 4 _aconservación de la naturaleza
_928754
650 4 _aconservación de los recursos
_928755
650 4 _arecursos renovables
_929826
650 4 _acódigo de conducta
_929864
650 4 _aplanificación corporativa
_930332
650 4 _apolítica agraria
_927494
653 1 0 _aAgricultura-Ganadería
650 4 _930601
_aestrategia empresarial
650 4 _930340
_aecoagricultura
700 1 _aMuntaner, Carles
_919330
773 0 _tEcología política
_gn. 37 (2009){10606 R. 075587}; p. 21-33
_w(ES-MaCES)25611
_965692
902 _aART Artículo de revista
942 _2CES
_cAR
_h5.0.
999 _c39634
_d39634